000
00281nam a22001217a 4500
008
181106b xxu||||| |||| 00| 0 eng d
041
_a
eng
080
_a
618
100
_a
10
101
_a
ONC
245
_a
Advabces In Radition Oncology Physics
_c
Purdy.J.A
942
_2
udc
_c
BK
999
_c
52043
_d
52043